000 00700nam a22002177a 4500
003 OSt
005 20140310181807.0
008 130704t xxu||||| |||| 00| 0 eng d
020 _a1854104101
050 _aAY 64
_b.W197 1995
082 _aREF 909.82
_bW15 1996
245 _aThe People's almanac presents the twentieth century :
_bthe definitive compendium of astonishing events, amazing people, and strange-but-true facts /
_cDavid Wallenchinsky
260 _aLondon :
_b Aurum Press,
_cc1995.
300 _a835 p. :
_c24 cm.
500 _aIncludes index
520 _a1. Alamanac--people
521 _aBasic Ed. Students
541 _j1
562 _e1
942 _2lcc
_cBK-GR
_kREF
999 _c3825
_d3825